Biblioteca

Anthropology of knowledge and the christian dialogue with african traditional religions : (Registro nro. 70316)

Detalles MARC
000 -LÍDER
Campo fijo de descripción fija 01564nab a2200241 i 4500
001 - NÚMERO DE CONTROL
Campo de control 768714001
003 - IDENTIFICADOR DEL NÚMERO DE CONTROL
Campo de control CO-MdFUSB
005 - FECHA Y HORA DE LA ULTIMA TRANSACCIÓN
control field 20240620123334.0
008 - ELEMENTOS DE LONGITUD FIJA -- INFORMACIÓN GENERAL
Campo fijo de descripción fija -- Información general 240620t1992 us ||||| |||| 00| 0 eng d
040 ## - FUENTE DE CATALOGACIÓN
Idioma de catalogación spa
Agencia que realiza la transcripción CO-MdFUSB
Agencia que realiza la modificación CO-MdFUSB
041 ## - CÓDIGO DE IDIOMA
Código de idioma para texto/pista de sonido o título separado eng
100 ## - ASIENTO PRINCIPAL--NOMBRE PERSONAL
Nombre personal Kirby, Jon P.,
Fechas asociadas con el nombre 1945-
Término relacionador autor
245 1# - TÍTULO
Título Anthropology of knowledge and the christian dialogue with african traditional religions :
Subtitulo lessons from Anufo Divination
Mención de responsabilidad / Jon P. Kirby
520 ## - NOTA DE RESUMEN, ETC.
Nota de sumario, etc. Las teologías locales en África se han inspirado en el diálogo con las religiones tradicionales africanas (ATR). Pero este importante diálogo es nuevo y tiene mucho que aprender de uno ya establecido desde hace mucho tiempo: el que existe entre el Islam y los ATR. En este artículo, el autor explora la forma en que el Islam ha utilizado la adivinación y otras instituciones religiosas tradicionales africanas para transformar la forma en que se perciben, interpretan y resuelven los problemas tradicionales, permitiendo así que la transformación cultural y religiosa resultante proceda naturalmente de su propia naturaleza. raíces indígenas.
546 ## - NOTA DE IDIOMA
Nota de idioma Texto en inglés.
650 #0 - ASIENTO SECUNDARIO DE MATERIA - TERMINO TEMÁTICO
Término temático o nombre geográfico como elemento de entrada Cristianismo y otras religiones
Subdivisión general Islamismo.
9 (RLIN) 5345
650 #7 - ASIENTO SECUNDARIO DE MATERIA - TERMINO TEMÁTICO
Término temático o nombre geográfico como elemento de entrada Antropología cultural y social
9 (RLIN) 6714
650 #0 - ASIENTO SECUNDARIO DE MATERIA - TERMINO TEMÁTICO
Término temático o nombre geográfico como elemento de entrada Hombres (Teología cristiana)
9 (RLIN) 1269
653 ## - TÉRMINO DE INDIZACIÓN - NO CONTROLADO
Término no controlado África
773 0# - ASIENTO DE ITEM FUENTE
Biblionumber 49486
Itemnumber 82785
Lugar, editorial y fecha de publicación Pasadena
Otro identificador del ítem R2660
Título Missiology:
Número de control del registro (CO-MdFUSB)97
Parte(s) relacionada(s) / Volumen., número. (mes año), páginas Volumen 20, (número 3, 1992) páginas: 323 - 341
Enumeración y primera página página: 323
942 ## - TIPO DE MATERIAL (KOHA)
Tipo de Item KOHA Artículos de Revista
945 ## - INFORMACIÓN LOCAL DEL REGISTRO
Catalogador Catherine Arias Álvarez - Practicante SENA

No hay ítems disponibles.

Biblioteca FUSBC | Teléfono: (57+4) 349 88 10 Ext. 141| WhatsApp (+57) 3005338115 
E-mail: biblioteca@unisbc.edu.co | Calle 76 87-14 Robledo Palenque, Medellín, Colombia

Con tecnología Koha